Diccionario Oxford de literatura española e hispanoamericana / (Record no. 56345)

MARC details
000 -LEADER
campo de control de longitud fija 00574nam a2200169 i 4500
001 - NÚMERO DE CONTROL
campo de control 56345
003 - IDENTIFICADOR DE NÚMERO DE CONTROL
campo de control ES-MaACL
007 - CAMPO FIJO DE DESCRIPCIÓN FÍSICA--INFORMACIÓN GENERAL
campo de control de longitud fija t|
008 - DATOS DE LONGITUD FIJA--INFORMACIÓN GENERAL
campo de control de longitud fija 031007s1984 sp ||||1| spa d
020 ## - NÚMERO INTERNACIONAL ESTÁNDAR DEL LIBRO
Número Internacional Estándar del Libro 84-7423-245-7
245 00 - MENCIÓN DEL TÍTULO
Título Diccionario Oxford de literatura española e hispanoamericana /
Mención de responsabilidad, etc. edición al cuidado de Philip Ward ; [traducción castellana y adaptación de Gabriela Zayas].
260 ## - PUBLICACIÓN, DISTRIBUCIÓN, ETC.
Lugar de publicación, distribución, etc. Barcelona :
Nombre del editor, distribuidor, etc. Crítica,
Fecha de publicación, distribución, etc. 1984.
300 ## - DESCRIPCIÓN FÍSICA
Extensión 864 p. ;
Dimensiones 21 cm.
700 1# - ENTRADA AGREGADA--NOMBRE PERSONAL
Nombre de persona Ward, Philip.
9 (RLIN) 116083
700 1# - ENTRADA AGREGADA--NOMBRE PERSONAL
Nombre de persona Zayas, Gabriela.
9 (RLIN) 118119
852 ## - LOCALIZACIÓN
Ubicación ES-MaACL
Número de control de estantería L-8587
Sublocalización o colección R.109030
Holdings
Estatus retirado Estado de pérdida Estado de daño No para préstamo Colección Biblioteca de origen Biblioteca actual Ubicación en estantería Fecha de adquisición Fuente de adquisición Total de préstamos Signatura topográfica completa Código de barras Visto por última vez Precio de reemplazo Tipo de ítem Koha
        Colección de referencia Biblioteca del Ateneo de Madrid Biblioteca del Ateneo de Madrid Depósito 2 17/01/2008     L-8587 1059182 23/02/2023 23/02/2023 Libro impreso